| 000 -LEADER |
| fixed length control field |
01346pab a2200193 454500 |
| 008 - FIXED-LENGTH DATA ELEMENTS--GENERAL INFORMATION |
| fixed length control field |
180718b2012 xxu||||| |||| 00| 0 eng d |
| 100 ## - MAIN ENTRY--PERSONAL NAME |
| Personal name |
Pillai, Mohanan B. |
| 245 ## - TITLE STATEMENT |
| Title |
Old elite are co-opted subdued or oppressed? : The politics of anti-corruption crusade in India in perspective |
| 260 ## - PUBLICATION, DISTRIBUTION, ETC. |
| Date of publication, distribution, etc. |
2012 |
| 300 ## - PHYSICAL DESCRIPTION |
| Extent |
p.1-14. |
| 362 ## - DATES OF PUBLICATION AND/OR SEQUENTIAL DESIGNATION |
| Dates of publication and/or sequential designation |
Jan - Mar |
| 520 ## - SUMMARY, ETC. |
| Summary, etc. |
Finance capital is a catalytic agent of corruption in all walks of life and the political class which sets the legal boundaries of the game has indeed become the protagonists of corruption. The political class has been facing some kind of a legitimacy crisis and the overall developments have generated frustration and insecurity in the common psyche. In this scenario, the anti-graft movement by Anna Hazare could be seen as a tension absorbing systemic movement as also a process of consolidation of cultural capital that facilitates the rehabilitation of traditional elite to the pedestals of power through the construction of a technocratic democracy as neo - liberalism denounces the importance of the Parliament ina democratic system in favour of governance by 'experts' and 'elite'. - Reproduced. |
| 650 ## - SUBJECT ADDED ENTRY--TOPICAL TERM |
| Topical term or geographic name entry element |
Corruption - India |
| 650 ## - SUBJECT ADDED ENTRY--TOPICAL TERM |
| Topical term or geographic name entry element |
Corruption |
| 700 ## - ADDED ENTRY--PERSONAL NAME |
| Personal name |
Joshy, P.M. |
| 773 ## - HOST ITEM ENTRY |
| Main entry heading |
Indian Journal of Public Administration |
| 908 ## - PUT COMMAND PARAMETER (RLIN) |
| Put command parameter |
N |
| 909 ## - |
| -- |
96329 |